000 00811nam a2200241 a 4500
003 DO-SdBNP
005 20240305132345.0
007 ta
008 220823e2022 dr ||||gr|||| 001 jdspa d
020 _a9789945221848
040 _aDO-SdBNP
_bspa
_cBNPHU
082 4 _222
_bT693s
_axxx
100 1 _aTorres, Cornelia Margarita
_980761
245 1 0 _aSopa de murciélago y arriba el telón:
_b(cinco cuentos pandémicos). /
_cCornelia Margarita Torres.
260 _aSanto Domingo :
_bBúho,
_c2022
300 _a82 p. ;
_c18 cm.
500 _aIncluye datos biográficos de la autora en las solapas de las cubiertas.
590 _aInventariado 2022 / MF
650 4 _910673
_aCuentos dominicanos
650 4 _915612
_aAnimales
_vCuentos y Leyendas
_xRepública Dominicana
910 _aMFeliz
942 _2ddc
_cLBS1
999 _c52300
_d52300